[Event "Stay Safe Play From Home 200"]
[Site "T#646566Emanuel Laske"]
[Date "2020.06.04"]
[Round "5"]
[White "Mamba2001de"]
[Black "Edmatuag"]
[Result "1-0"]
[WhiteElo "1430"]
[BlackElo "1621"]
[Annotator "NA RC"]
[PlyCount "49"]
[EventDate "2020.06.04"]
[EventType "swiss (blitz)"]

1. e4 {[%emt 0:00:01]} d6 {[%emt 0:00:02]} 2. Nf3 {[%emt 0:00:01]} g6 {[%emt 0:00:01]} 3. d4 {[%emt 0:00:01]} Bg7 {[%emt 0:00:01]} 4. Be3 {[%emt 0:00:00]} Nd7 {[%emt 0:00:01]} 5. Nc3 {[%emt 0:00:01]} Ngf6 {[%emt 0:00:01]} 6. Qd2 {[%emt 0:00:01]} O-O {[%emt 0:00:00]} 7. Bh6 {[%emt 0:00:01]} e5 {[%emt 0:00:02]} 8. Bxg7 {[%emt 0:00:01]} Kxg7 {[%emt 0:00:01]} 9. d5 {[%emt 0:00:01]} Ne8 {[%emt 0:00:04]} 10. h4 {[%emt 0:00:01]} f5 {[%emt 0:00:02]} 11. h5 {[%emt 0:00:01]} f4 {[%emt 0:00:04]} 12. hxg6 {[%emt 0:00:01]} hxg6 {[%emt 0:00:01]} 13. g3 {[%emt 0:00:02]} Rh8 {[%emt 0:00:02]} 14. Rxh8 {[%emt 0:00:02]} Kxh8 {[%emt 0:00:02]} 15. gxf4 {[%emt 0:00:01]} Qf6 {[%emt 0:00:04]} 16. Ng5 {[%emt 0:00:08]} exf4 {[%emt 0:00:08]} 17. Ne6 {[%emt 0:00:01]} Ne5 {[%emt 0:00:06]} 18. Qxf4 {[%emt 0:00:01]} Bxe6 {[%emt 0:00:04]} 19. Qxf6+ {[%emt 0:00:01]} Nxf6 {[%emt 0:00:01]} 20. dxe6 {[%emt 0:00:01]} Re8 {[%emt 0:00:04]} 21. Nd5 {[%emt 0:00:02]} Nxe4 {[%emt 0:00:03]} 22. Nxc7 {[%emt 0:00:03]} Re7 {[%emt 0:00:01]} 23. Nd5 {[%emt 0:00:02]} Rxe6 {[%emt 0:00:01]} 24. Bd3 {[%emt 0:00:03]} Nxd3+ {[%emt 0:00:02]} 25. cxd3 {[%emt 0:00:01] Time (Lag: Av=0.47s, max=0.8s)} 1-0

[Event "Stay Safe Play From Home 200"]
[Site "T#646566Emanuel Laske"]
[Date "2020.06.04"]
[Round "5"]
[White "Cubail"]
[Black "Matanant"]
[Result "1-0"]
[WhiteElo "1299"]
[BlackElo "1646"]
[Annotator "NA RC"]
[PlyCount "51"]
[EventDate "2020.06.04"]
[EventType "swiss (blitz)"]

1. f4 {[%emt 0:00:03]} g6 {[%emt 0:00:00]} 2. e3 {[%emt 0:00:01]} Bg7 {[%emt 0:00:00]} 3. d4 {[%emt 0:00:01]} d5 {[%emt 0:00:01]} 4. Nf3 {[%emt 0:00:01]} Bg4 {[%emt 0:00:01]} 5. Be2 {[%emt 0:00:01]} e6 {[%emt 0:00:00]} 6. O-O {[%emt 0:00:01]} Nf6 {[%emt 0:00:02]} 7. h3 {[%emt 0:00:01]} Bxf3 {[%emt 0:00:01]} 8. Bxf3 {[%emt 0:00:01]} O-O {[%emt 0:00:00]} 9. c4 {[%emt 0:00:03]} Nbd7 {[%emt 0:00:00]} 10. Nc3 {[%emt 0:00:03]} Rb8 {[%emt 0:00:07]} 11. cxd5 {[%emt 0:00:02]} exd5 {[%emt 0:00:02]} 12. Nb5 {[%emt 0:00:05]} c5 {[%emt 0:00:00]} 13. Nxa7 {[%emt 0:00:04]} c4 {[%emt 0:00:04]} 14. Nb5 {[%emt 0:00:02]} Qa5 {[%emt 0:00:07]} 15. Nc3 {[%emt 0:00:02]} b5 {[%emt 0:00:02]} 16. Nxd5 {[%emt 0:00:03]} Nxd5 {[%emt 0:00:02]} 17. Bxd5 {[%emt 0:00:01]} Rfc8 {[%emt 0:00:01]} 18. e4 {[%emt 0:00:03]} b4 {[%emt 0:00:01]} 19. f5 {[%emt 0:00:02]} c3 {[%emt 0:00:02]} 20. fxg6 {[%emt 0:00:02]} hxg6 {[%emt 0:00:03]} 21. Qg4 {[%emt 0:00:03]} Nf6 {[%emt 0:00:03]} 22. Bxf7+ {[%emt 0:00:07]} Kxf7 {[%emt 0:00:02]} 23. e5 {[%emt 0:00:01]} cxb2 {[%emt 0:00:07]} 24. Bxb2 {[%emt 0:00:02]} Rc2 {[%emt 0:00:00]} 25. exf6 {[%emt 0:00:02]} Bf8 {[%emt 0:00:02]} 26. Qd7+ {[%emt 0:00:03] Time (Lag: Av=0.58s, max=1.1s)} 1-0

[Event "Stay Safe Play From Home 200"]
[Site "T#646566Emanuel Laske"]
[Date "2020.06.04"]
[Round "6"]
[White "Mepe_Nika"]
[Black "Fischer_11"]
[Result "1-0"]
[WhiteElo "2280"]
[BlackElo "2041"]
[Annotator "NA RC"]
[PlyCount "47"]
[EventDate "2020.06.04"]
[EventType "swiss (blitz)"]

1. g3 {[%emt 0:00:02]} Nf6 {[%emt 0:00:01]} 2. Bg2 {[%emt 0:00:01]} g6 {[%emt 0:00:00]} 3. d3 {[%emt 0:00:03]} d5 {[%emt 0:00:00]} 4. Bd2 {[%emt 0:00:00]} c6 {[%emt 0:00:00]} 5. Qc1 {[%emt 0:00:01]} Bg4 {[%emt 0:00:01]} 6. h3 {[%emt 0:00:01]} Bf5 {[%emt 0:00:01]} 7. Nc3 {[%emt 0:00:02]} Be6 {[%emt 0:00:00]} 8. e4 {[%emt 0:00:01]} Bg7 {[%emt 0:00:00]} 9. Bh6 {[%emt 0:00:01]} O-O {[%emt 0:00:01]} 10. h4 {[%emt 0:00:01]} Re8 {[%emt 0:00:03]} 11. Bxg7 {[%emt 0:00:01]} Kxg7 {[%emt 0:00:01]} 12. h5 {[%emt 0:00:00]} Rh8 {[%emt 0:00:03]} 13. h6+ {[%emt 0:00:01]} Kf8 {[%emt 0:00:03]} 14. e5 {[%emt 0:00:01]} Nfd7 {[%emt 0:00:01]} 15. f4 {[%emt 0:00:01]} f6 {[%emt 0:00:01]} 16. Nf3 {[%emt 0:00:01]} fxe5 {[%emt 0:00:01]} 17. fxe5 {[%emt 0:00:01]} Qc7 {[%emt 0:00:02]} 18. O-O {[%emt 0:00:01]} Ke8 {[%emt 0:00:02]} 19. d4 {[%emt 0:00:02]} c5 {[%emt 0:00:02]} 20. Ng5 {[%emt 0:00:02]} Bg8 {[%emt 0:00:04]} 21. Nxd5 {[%emt 0:00:03]} Bxd5 {[%emt 0:00:10]} 22. Bxd5 {[%emt 0:00:00]} cxd4 {[%emt 0:00:00]} 23. Bf7+ {[%emt 0:00:01]} Kd8 {[%emt 0:00:01]} 24. Ne6+ {[%emt 0:00:01] Fischer_11 gibt auf (Lag: Av=0.31s, max=0.4s)} 1-0

[Event "Stay Safe Play From Home 200"]
[Site "T#646566Emanuel Laske"]
[Date "2020.06.04"]
[Round "6"]
[White "Little champs"]
[Black "SoulofWolf"]
[Result "0-1"]
[WhiteElo "2270"]
[BlackElo "2160"]
[Annotator "TA"]
[PlyCount "132"]
[EventDate "2020.06.04"]
[EventType "swiss (blitz)"]

{[%evp 9,131,24,32,0,25,0,0,0,0,-28,-30,-20,-22,-14,22,10,21,4,12,-43,35,-66,-56,-206,-65,-205,-71,-264,-239,-250,-249,-257,-80,-185,-189,-303,-302,-450,-417,-740,-740,-737,-707,-804,-783,-1193,-925,-907,-883,-872,-918,-915,-885,-1000,-1001,-978,-1015,-1012,-980,-1176,-1146,-1351,-1303,-1436,-1389,-2359,-2374,-2172,-2148,-1986,-1900,-1879,-1767,-29984,-29984,-29983,-29983,-29983,-29980,-29980,-29981,-29989,-29990,-29990,-29991,-29991,-29992,-29992,-29991,-29991,-29992,-29992,-29993,-29993,-29994,-29994,-29993,-29993,-29994,-29994,-29995,-29995,-29995,-29995,-29996,-29996,-29997,-29997,-29997,-29997,-29997,-29997,-29997,-29997,-29998,-29998,-29996,-29996,-29995,-29997,-29998,-29998,-29999,-29999]} 1. e4 e6 2. Nc3 Ne7 3. d4 d5 4. exd5 exd5 5. Nf3 Ng6 6. Be2 {[#] C10: French with 3 Nc3: Unusual Black 3rd moves and 3...dxe4.} (6. Qe2+ {feels hotter.} Be7 7. h4 h5 8. Bg5 Nc6 9. Qb5) 6... Be7 $146 ({Predecessor:} 6... c6 7. Be3 Bb4 8. Qd2 Qa5 9. O-O Bd6 10. Rfe1 O-O 11. a3 Bf5 12. Bd3 Bxd3 13. Qxd3 {0-1 (50) Montero Campuzano,R-Altafulla Sanz,A Sant Cebria 1998}) 7. O-O O-O 8. Be3 {The position is equal.} c6 9. Qd2 Nd7 10. Bd3 Nf6 11. Ne5 Bd6 12. f4 Re8 13. Rae1 Qc7 14. g3 (14. Qd1 $11) 14... Bd7 (14... Bh3 $15) 15. Bxg6 (15. Qg2 $14) 15... hxg6 $15 16. Bf2 (16. Nxd7 $15 Qxd7 17. a3) 16... b5 ({Black should try} 16... Bh3 $19 17. a3 a5) 17. a3 (17. Nxd7 $15 Qxd7 18. Rxe8+ Rxe8 19. Re1) 17... a5 (17... Bh3 $19 {has better winning chances.} 18. Qd3 a5) 18. Qe2 $2 (18. Nxd7 $17 Qxd7 19. Rxe8+ Qxe8 20. Re1) 18... b4 19. axb4 axb4 20. Nd1 Ne4 $2 (20... Bh3 $19 {is more deadly.} 21. Be3 Bxf1 22. Rxf1 c5 23. dxc5 Bxc5 24. Bxc5 Qxc5+ 25. Qf2 d4) 21. Be3 (21. Nxd7 $17 {was called for.} Qxd7 22. Be3) 21... Bh3 $36 {[%mdl 2048] Black is on the roll.} 22. Rf2 (22. Rf3 {is a better defense.}) 22... Ra1 ({Don't do} 22... Nxf2 23. Nxf2 Be6 24. Qd1 $19) 23. b3 (23. Rf3 {was necessary.}) 23... c5 24. Nb2 (24. Rf3 $142 Bxe5 25. fxe5) 24... Rxe1+ 25. Qxe1 Nxf2 26. Bxf2 f6 27. g4 fxe5 28. dxe5 Bxg4 29. Qd2 Bf8 30. Qxd5+ Be6 31. Qe4 Bf5 32. Qc4+ Qf7 33. Qxf7+ Kxf7 34. Na4 Rc8 35. Be3 Ke6 36. Nb6 Rc7 37. Na8 Rb7 38. Kf2 Be4 39. Ke2 Be7 40. Kd2 {[#]} g5 $1 41. c4 (41. fxg5 Rd7+) 41... gxf4 {Black mates.} 42. Bxf4 g5 43. Bg3 Bd8 44. Ke3 Bc6 45. h4 gxh4 46. Bf4 Ra7 47. Nb6 Bxb6 48. Kd3 Rd7+ 49. Kc2 Kf5 50. Bh2 Be4+ 51. Kc1 Bd8 52. e6 Rd3 53. e7 Bxe7 54. Bc7 Bf6 55. Bb6 Bd4 56. Bxc5 Bxc5 57. Kc2 {[#]} Rc3+ $1 58. Kd2 Kg4 59. Ke2 Kg3 60. Kd2 Bg2 61. Ke2 Bf3+ 62. Kd2 Re3 63. Kc2 Re2+ 64. Kc1 h3 65. Kb1 h2 {[%cal Rh2h1]} 66. Kc1 h1=Q# {Accuracy: White = 19%, Black = 54%.} 0-1

[Event "Stay Safe Play From Home 200"]
[Site "T#646566Emanuel Laske"]
[Date "2020.06.04"]
[Round "6"]
[White "Lamborghini"]
[Black "Broken sword"]
[Result "0-1"]
[WhiteElo "2111"]
[BlackElo "2464"]
[Annotator "TA"]
[PlyCount "100"]
[EventDate "2020.06.04"]
[EventType "swiss (blitz)"]

{[%evp 9,99,29,80,38,147,22,28,24,12,0,0,0,0,-4,6,-4,22,4,14,0,19,17,48,37,59,40,51,52,34,22,29,-15,-15,-16,-14,-25,31,31,43,45,82,34,51,37,123,93,102,89,92,91,1002,67,72,72,65,68,68,33,33,33,39,33,35,29,87,87,117,41,46,15,15,15,41,15,15,0,0,-30,0,0,0,0,0,0,0,0,0,0,0,0,0,-29999]} 1. e4 c5 2. Nf3 e6 3. d4 cxd4 4. Nxd4 d5 5. exd5 exd5 (5... Qxd5 $11 6. Nc3 Bb4) 6. Nc3 {B40: Sicilian: 2...e6, Unusual lines.} Nf6 (6... a6 $1 $14) 7. Bd3 (7. Bb5+ $16 Bd7 8. Bxd7+ Nbxd7 9. O-O) 7... Be7 8. O-O {White has an edge.} Nc6 9. Nxc6 (9. Be3 {looks sharper.} O-O 10. h3 Re8 11. Re1 Bd6 12. Qd2) 9... bxc6 10. h3 O-O 11. Qf3 Be6 12. Re1 {[#]} Rb8 $146 ({Predecessor:} 12... Nd7 13. Ne2 Bf6 14. Nf4 Re8 15. Nh5 g6 16. Nxf6+ Qxf6 17. Qxf6 Nxf6 18. Bf4 Nd7 {½-½ (53) Cagasik,T (2193)-Hodovsky,J (2120) Czech Republic 2016}) 13. b3 {[%cal Bb2b3,Bb3b4][%mdl 32]} Bb4 14. Bd2 Qa5 {[#] aiming for ...d4.} 15. a3 Be7 16. b4 Qd8 17. Rad1 Re8 18. Be3 Qc7 19. Bf4 Bd6 20. Bg5 Nd7 $1 21. Qh5 Nf8 22. Ne2 Be7 ({Black should try} 22... a5 $11) 23. Bxe7 $14 Qxe7 24. Nd4 Rbc8 25. c3 Qf6 26. Qf3 c5 (26... Qxf3 $14 27. Nxf3 Ng6) 27. Qxf6 $16 gxf6 28. Nf5 Bxf5 29. Bxf5 Rc7 $2 {[%mdl 8192]} (29... Rxe1+ $16 30. Rxe1 Rc7) 30. g3 $2 (30. Rxe8 $18 cxb4 31. cxb4) 30... Rxe1+ $14 31. Rxe1 cxb4 32. cxb4 {[%mdl 4096] Endgame KRB-KRN} Rc3 33. Rd1 Rxa3 34. Rxd5 Rb3 35. Rb5 Kg7 36. Rb7 Rb2 (36... a5 $11 {remains equal.}) 37. b5 $16 Ng6 38. h4 (38. Be4 $16) 38... Ne5 $14 39. Be6 Kg6 40. Bd5 Rd2 41. Be4+ (41. h5+ $5 Kxh5 42. Bxf7+ Nxf7 43. Rxf7 $14 {[%mdl 64] Double Attack}) 41... f5 42. Bg2 Rd1+ 43. Kh2 Rd2 44. f4 Ng4+ 45. Kh3 Nf2+ 46. Kh2 Ng4+ 47. Kh3 Ne3 48. Bf3 Nf1 {[%csl Gf1][%cal Rd2h2]} 49. h5+ Kf6 {[%csl Gf1][%cal Rd2h2]} (49... Kh6 $5 50. Bg2 $8 Ne3 $11) 50. g4 $2 {[%mdl 8192] [#]} (50. Bg2 $11 Ne3 51. Bf3) 50... Rh2# {What a bad dream for White. Accuracy: White = 64%, Black = 64%.} 0-1

[Event "Stay Safe Play From Home 200"]
[Site "T#646566Emanuel Laske"]
[Date "2020.06.04"]
[Round "6"]
[White "Haxhi Baha"]
[Black "Mamba2001de"]
[Result "1-0"]
[WhiteElo "1993"]
[BlackElo "1455"]
[Annotator "NA RC"]
[PlyCount "105"]
[EventDate "2020.06.04"]
[EventType "swiss (blitz)"]

1. e4 {[%emt 0:00:01]} e6 {[%emt 0:00:01]} 2. d4 {[%emt 0:00:01]} d5 {[%emt 0:00:01]} 3. exd5 {[%emt 0:00:00]} exd5 {[%emt 0:00:01]} 4. Nf3 {[%emt 0:00:00]} Nf6 {[%emt 0:00:01]} 5. Bd3 {[%emt 0:00:00]} Be7 {[%emt 0:00:01]} 6. O-O {[%emt 0:00:00]} O-O {[%emt 0:00:01]} 7. h3 {[%emt 0:00:00]} Be6 {[%emt 0:00:01]} 8. Re1 {[%emt 0:00:00]} c5 {[%emt 0:00:01]} 9. Ng5 {[%emt 0:00:01]} cxd4 {[%emt 0:00:01]} 10. Nxe6 {[%emt 0:00:01]} fxe6 {[%emt 0:00:01]} 11. Rxe6 {[%emt 0:00:00]} Qd7 {[%emt 0:00:01]} 12. Re1 {[%emt 0:00:01]} Bd6 {[%emt 0:00:01]} 13. Nd2 {[%emt 0:00:01]} Nc6 {[%emt 0:00:01]} 14. Nb3 {[%emt 0:00:01]} Rae8 {[%emt 0:00:04]} 15. Bg5 {[%emt 0:00:01]} Rxe1+ {[%emt 0:00:03]} 16. Qxe1 {[%emt 0:00:00]} Re8 {[%emt 0:00:01]} 17. Qd1 {[%emt 0:00:02]} Ne5 {[%emt 0:00:01]} 18. Bxf6 {[%emt 0:00:02]} gxf6 {[%emt 0:00:01]} 19. Nxd4 {[%emt 0:00:01]} Nxd3 {[%emt 0:00:02]} 20. Qxd3 {[%emt 0:00:00]} Be5 {[%emt 0:00:02]} 21. Nf5 {[%emt 0:00:05]} Qf7 {[%emt 0:00:03]} 22. Nh6+ {[%emt 0:00:02]} Kg7 {[%emt 0:00:02]} 23. Nxf7 {[%emt 0:00:00]} Kxf7 {[%emt 0:00:00]} 24. Qxh7+ {[%emt 0:00:02]} Ke6 {[%emt 0:00:00]} 25. Re1 {[%emt 0:00:01]} Re7 {[%emt 0:00:01]} 26. Qg6 {[%emt 0:00:02]} Kd6 {[%emt 0:00:02]} 27. Kf1 {[%emt 0:00:03]} Kd7 {[%emt 0:00:01]} 28. f4 {[%emt 0:00:01]} Bd6 {[%emt 0:00:02]} 29. Qf5+ {[%emt 0:00:01]} Kc6 {[%emt 0:00:01]} 30. Rxe7 {[%emt 0:00:01]} Bxe7 {[%emt 0:00:01]} 31. Qe6+ {[%emt 0:00:01]} Bd6 {[%emt 0:00:01]} 32. Qxf6 {[%emt 0:00:01]} Kc7 {[%emt 0:00:01]} 33. f5 {[%emt 0:00:00]} Bc5 {[%emt 0:00:01]} 34. Qe6 {[%emt 0:00:01]} b6 {[%emt 0:00:01]} 35. f6 {[%emt 0:00:00]} d4 {[%emt 0:00:01]} 36. f7 {[%emt 0:00:00]} Bb4 {[%emt 0:00:02]} 37. Qc4+ {[%emt 0:00:01]} Bc5 {[%emt 0:00:04]} 38. Qxc5+ {[%emt 0:00:01]} bxc5 {[%emt 0:00:01]} 39. f8=Q {[%emt 0:00:00]} Kc6 {[%emt 0:00:00]} 40. Qe7 {[%emt 0:00:01]} Kb5 {[%emt 0:00:00]} 41. Qd6 {[%emt 0:00:01]} Kc4 {[%emt 0:00:01]} 42. Qc6 {[%emt 0:00:01]} d3 {[%emt 0:00:02]} 43. cxd3+ {[%emt 0:00:01]} Kxd3 {[%emt 0:00:01]} 44. Qxc5 {[%emt 0:00:01]} Kd2 {[%emt 0:00:01]} 45. Kf2 {[%emt 0:00:01]} Kd3 {[%emt 0:00:01]} 46. b3 {[%emt 0:00:02]} a5 {[%emt 0:00:01]} 47. Qxa5 {[%emt 0:00:01]} Ke4 {[%emt 0:00:03]} 48. Qc5 {[%emt 0:00:01]} Kd3 {[%emt 0:00:01]} 49. b4 {[%emt 0:00:00]} Kd2 {[%emt 0:00:01]} 50. b5 {[%emt 0:00:00]} Kd3 {[%emt 0:00:00]} 51. b6 {[%emt 0:00:00]} Ke4 {[%emt 0:00:00]} 52. b7 {[%emt 0:00:00]} Kd3 {[%emt 0:00:00]} 53. Qe3+ {[%emt 0:00:02] Zeit} 1-0

[Event "Stay Safe Play From Home 200"]
[Site "T#646566Emanuel Laske"]
[Date "2020.06.04"]
[Round "6"]
[White "Lazieri3"]
[Black "Castlingarrocco"]
[Result "0-1"]
[WhiteElo "1957"]
[BlackElo "2002"]
[Annotator "TA"]
[PlyCount "58"]
[EventDate "2020.06.04"]
[EventType "swiss (blitz)"]

{[%evp 9,58,5,7,4,7,-17,13,-37,24,16,31,29,97,77,82,46,46,61,460,62,651,132,883,-91,165,51,110,4,113,87,87,2,83,83,107,90,86,65,95,29,31,0,0,-87,-62,-235,-82,-119,-96,-29967,-29964]} 1. e4 Nc6 2. Nc3 d6 3. Nf3 Nf6 4. Bc4 g6 5. d3 Bg7 6. Be3 {B07: Pirc Defence: Miscellaneous Systems.} O-O 7. Qd2 e5 8. Bh6 {[#] The position is equal.} Qe7 $146 (8... Bg4 $15) ({Predecessor:} 8... Bxh6 9. Qxh6 Bg4 10. Ng5 Nd4 11. Nd5 Nxd5 12. Qxh7# {1-0 (12) Ninin,G (1426)-Boudi,K Europe Chess INT 2020}) 9. h4 $11 Be6 10. h5 (10. O-O-O {with more complications.} Nd4 11. h5 Nxh5 12. Bxg7 Kxg7 13. Nxd4 exd4 14. Nd5) 10... Ng4 (10... Nxh5 $11 11. Nd5 Qd8) 11. Bxg7 $16 Kxg7 12. hxg6 hxg6 13. Bxe6 Qxe6 $4 {[%mdl 8192]} (13... fxe6 $14 14. O-O-O Rh8) 14. Nd5 $2 (14. Ng5 $18 Qe8 15. Rh7+ Kg8 16. Nd5) 14... Rac8 $2 {[%mdl 8192]} (14... Rh8 $14 15. O-O-O Ne7) 15. O-O-O $2 (15. Ng5 $18 {is the precise move to win.}) 15... Ne7 $2 {[%mdl 8192] [#]} (15... Rh8 $16) 16. Ne3 $2 (16. Rh7+ $3 $18 {[%mdl 512]} Kxh7 17. Ng5+ {[%mdl 64] Double Attack} Kg7 18. Nxe6+ fxe6 19. Nxe7) 16... Nxe3 $4 {[%mdl 8192] [#]} (16... Qxa2 $17 {[%cal Ra2a1] stays on course.} 17. c3 Rh8) 17. Qxe3 (17. Rh7+ $1 $18 {[%mdl 512]} Kf6 (17... Kxh7 18. Ng5+) 18. Qxe3 Qxa2 19. d4) 17... Rh8 (17... Qxa2 $14 18. Qh6+ Kf6) 18. Kb1 (18. Qxa7 $16 {Threatening Rxh8.} Rxh1 19. Rxh1) 18... f5 (18... c5 $11) 19. Ng5 Qf6 {...f4 is the strong threat.} 20. f4 ({Better is} 20. g3 $16) 20... Rxh1 (20... exf4 $11 21. Qxf4 fxe4) 21. Rxh1 {Strongly threatening Qh3.} Rh8 22. Rxh8 (22. Rf1 {keeps more tension.} exf4 23. Qxf4 Rh5 24. Nh3 g5 25. Qe3) 22... Kxh8 23. Qh3+ Kg8 {[#]} 24. Qh7+ (24. g3 $1 $16) 24... Kf8 $14 25. Qh4 {Black must now prevent Nh7+.} Ke8 26. Qh7 (26. fxe5 $11 {keeps the balance.} dxe5 27. b3) 26... fxe4 27. dxe4 $2 (27. Nxe4 $15 Qxf4 28. b3) 27... exf4 $2 (27... Qxf4 $19 {[%cal Rf4f1]} 28. Qh8+ Kd7 29. Qh3+ Nf5 30. Qh7+ Kc6 31. Qxc7+ {[%mdl 64] Decoy} Kxc7 32. Ne6+ {[#]} Kd7 $1 {[%mdl 512]} 33. Nxf4 exf4 34. exf5 g5) 28. Nf3 Qf7 29. a3 $2 {[%mdl 8192]} (29. Qh1 $17) 29... Qxh7 {What a bad dream for White. Accuracy: White = 18%, Black = 21%.} 0-1

[Event "Stay Safe Play From Home 200"]
[Site "T#646566Emanuel Laske"]
[Date "2020.06.04"]
[Round "6"]
[White "Greblah"]
[Black "Matanant"]
[Result "0-1"]
[WhiteElo "1922"]
[BlackElo "1616"]
[Annotator "TA"]
[PlyCount "56"]
[EventDate "2020.06.04"]
[EventType "swiss (blitz)"]

{[%evp 9,55,6,48,17,33,-1,-10,-24,-20,-22,-10,-9,27,-3,22,-699,-16,-203,-154,-450,-437,-793,-762,-1002,-1005,-965,-825,-985,-578,-503,-420,-412,-412,-388,-378,-385,-365,-519,-533,-5489,-3298,-2147,-1045,-29985,-29986,-2335,-942,-29999]} 1. e4 e5 2. Nf3 d5 3. exd5 e4 4. Ng1 Nf6 5. d4 Bd6 {[#]} 6. Nc3 $146 {C40: Latvian and Elephant Gambits.} ({Predecessor:} 6. Bg5 O-O 7. Bc4 Re8 8. Ne2 h6 9. Bh4 g5 10. Bg3 Bxg3 11. Nxg3 Bg4 12. Qd2 Nxd5 13. Bxd5 Qxd5 {1-0 (30) Newey,R-Barnett,B San Mateo 1992}) 6... O-O 7. Bg5 h6 8. Bxf6 {The position is equal.} Qxf6 9. Nge2 Re8 10. Qd2 Bf5 11. O-O-O Bg6 12. Ng3 $2 {[%mdl 8192]} (12. Nb5 $11) 12... a6 $2 ({Better is} 12... Bf4 $19 13. Bb5 Bxd2+ 14. Rxd2 e3) 13. Nce2 $2 (13. Kb1 $11 {and White is okay.}) 13... b5 {[%mdl 1024] Black has strong compensation.} 14. c3 $2 (14. f3 $17 exf3 15. gxf3) 14... Nd7 15. h4 (15. Qe1 $142) 15... Nb6 $19 16. h5 Bh7 17. Qe1 Nxd5 18. Ng1 Bf4+ 19. Kb1 e3+ 20. Bd3 Bxd3+ 21. Rxd3 exf2 ({Not} 21... Bxg3 22. fxg3 Qf2 23. Ne2 $19) 22. Qxf2 {[#]} Bxg3 $1 23. Qxg3 (23. Qxf6 {is the only way for White.} Nxf6 24. Rxg3) 23... Qf5 24. Nf3 Qxd3+ 25. Ka1 Nxc3 {( -> ...Qc4)} 26. Qf2 Re2 27. Ne5 Qc2 {[%csl Ge2][%cal Rc2b2] [#]} 28. Qf1 Qxb2# {Accuracy: White = 12%, Black = 65%.} 0-1

[Event "Stay Safe Play From Home 200"]
[Site "T#646566Emanuel Laske"]
[Date "2020.06.04"]
[Round "6"]
[White "KLIND"]
[Black "Weltszmerc"]
[Result "0-1"]
[WhiteElo "1883"]
[BlackElo "2102"]
[Annotator "TA"]
[PlyCount "38"]
[EventDate "2020.06.04"]
[EventType "swiss (blitz)"]

{[%evp 9,38,0,0,0,0,2,-16,-118,-109,-310,-312,-323,-314,-301,-262,-250,-265,-308,-283,-437,-349,-446,-344,-437,-426,-735,-318,-327,-143,-2434,-1952]} 1. e4 Nf6 2. e5 Nd5 3. d3 Nb6 4. c4 {[#]} d5 $146 ({Predecessor:} 4... d6 5. exd6 exd6 6. Nf3 d5 7. cxd5 Bb4+ 8. Bd2 Nxd5 9. Bxb4 Nxb4 10. a3 Nd5 11. Be2 Qf6 {0-1 (11) Randolph,D (1816)-Glembek,B (2235) ICCF email 2015}) 5. c5 N6d7 6. d4 {B02: Alekhine's Defence: Chase Variation and lines with early Nc3.} e6 7. f4 b6 8. b4 {[#]} (8. cxb6 $1 $11 {keeps the balance.} c5 9. bxa7) 8... a5 $1 $17 (8... bxc5 9. bxc5 Be7 10. Nc3 $16) 9. Bd2 $2 (9. b5 $17 {was necessary.} bxc5 10. Ba3) 9... axb4 $19 ({And not} 9... bxc5 10. bxc5 g6 11. Nf3 $16) 10. Bxb4 bxc5 11. dxc5 Bxc5 12. Bxc5 Nxc5 13. Nc3 c6 14. Qd4 (14. Rc1 $142) 14... Qa5 15. Nge2 Ne4 {[#] Strongly threatening ...c5.} 16. g3 c5 17. Qd3 (17. Qe3 $142 Ba6 18. Bg2 Bxe2 {[%mdl 64] Pin} 19. Bxe4) 17... Nc6 (17... Ba6 $142 18. Qe3 Bxe2 19. Bxe2 Nxc3) 18. Qb5 Bd7 ({Don't take} 18... Nxc3 19. Qxa5 Rxa5 20. Nxc3 $19) (18... Qxb5 $19 19. Nxb5 Nb4 20. Nc7+ Ke7 21. Nxa8 Nc2+ 22. Kd1 Nxa1) 19. Qa6 $2 {[%mdl 8192]} (19. Qxa5 $17 Rxa5 20. Nxe4 dxe4 21. Bg2) 19... Qxa6 {Black took control after the opening. Accuracy: White = 21%, Black = 60%.} 0-1

[Event "Stay Safe Play From Home 200"]
[Site "T#646566Emanuel Laske"]
[Date "2020.06.04"]
[Round "6"]
[White "Haris kollari 13"]
[Black "Tobo Rubirosa"]
[Result "1-0"]
[WhiteElo "1628"]
[BlackElo "1424"]
[Annotator "NA RC"]
[PlyCount "47"]
[EventDate "2020.06.04"]
[EventType "swiss (blitz)"]

1. e4 {[%emt 0:00:01]} c5 {[%emt 0:00:16]} 2. f4 {[%emt 0:00:01]} d6 {[%emt 0:00:01]} 3. Nf3 {[%emt 0:00:00]} Nc6 {[%emt 0:00:01]} 4. c3 {[%emt 0:00:00]} e5 {[%emt 0:00:03]} 5. fxe5 {[%emt 0:00:02]} dxe5 {[%emt 0:00:01]} 6. Bb5 {[%emt 0:00:01]} Bd7 {[%emt 0:00:01]} 7. Bxc6 {[%emt 0:00:02]} Bxc6 {[%emt 0:00:01]} 8. d3 {[%emt 0:00:00]} f6 {[%emt 0:00:03]} 9. Be3 {[%emt 0:00:01]} Be7 {[%emt 0:00:02]} 10. Qe2 {[%emt 0:00:01]} Qc7 {[%emt 0:00:01]} 11. Nbd2 {[%emt 0:00:01]} O-O-O {[%emt 0:00:00]} 12. Nc4 {[%emt 0:00:04]} Nh6 {[%emt 0:00:02]} 13. h3 {[%emt 0:00:01]} Nf7 {[%emt 0:00:01]} 14. O-O {[%emt 0:00:01]} Nd6 {[%emt 0:00:02]} 15. Nxd6+ {[%emt 0:00:02]} Bxd6 {[%emt 0:00:02]} 16. Rad1 {[%emt 0:00:01]} g5 {[%emt 0:00:01]} 17. Nh2 {[%emt 0:00:02]} h5 {[%emt 0:00:01]} 18. Rxf6 {[%emt 0:00:02]} g4 {[%emt 0:00:02]} 19. hxg4 {[%emt 0:00:01]} hxg4 {[%emt 0:00:01]} 20. Nxg4 {[%emt 0:00:03]} Rdg8 {[%emt 0:00:01]} 21. Rdf1 {[%emt 0:00:03]} Qg7 {[%emt 0:00:02]} 22. Nh2 {[%emt 0:00:04]} Be7 {[%emt 0:00:05]} 23. Rf7 {[%emt 0:00:01]} Rxh2 {[%emt 0:00:06]} 24. Rxg7 {[%emt 0:00:02] Tiempo (Lag: Av=0.76s, max=0.9s)} 1-0